Т. 9: Письма 1815-1830 годов; Собрание сочинений

Detaylı Bibliyografya
Parent link:Собрание сочинений: в 10 т./ А. С. Пушкин; оформление худож. Б. Лаврова. Т. 9: Письма 1815-1830 годов.— , 1982
Diğer Yazarlar: Семенко И. (автор предисловия)
Özet:Авт. указан на корешке
На пер. загл. не указано.
Dil:Rusça
Baskı/Yayın Bilgisi: 1982
Konular:
Materyal Türü: Kitap
KOHA link:https://koha.lib.tpu.ru/cgi-bin/koha/opac-detail.pl?biblionumber=250289

MARC

LEADER 00000nam2a2200000 4500
001 250289
005 20240914063125.0
035 |a (RuTPU)RU\TPU\book\272474 
035 |a RU\TPU\book\272402 
090 |a 250289 
100 |a 20140212d1982 m y0rusy50 ca 
101 0 |a rus 
102 |a RU 
105 |a y z 001eb 
200 0 |a Т. 9: Письма 1815-1830 годов  |f примеч. И. Семенко 
210 |d 1982 
215 |a 701 с.  |d 13 см. 
300 |a Авт. указан на корешке 
300 |a На пер. загл. не указано. 
320 |a Приложения: с. 535-542 
320 |a Примечания: с. 543-698 
320 |a Постраничные примечания. 
461 1 |0 (RuTPU)RU\TPU\book\272357  |t Собрание сочинений  |o в 10 т.  |f А. С. Пушкин  |g оформление худож. Б. Лаврова  |v Т. 9: Письма 1815-1830 годов  |d 1982 
600 1 |a Пушкин  |b А. С.  |c российский поэт  |c писатель  |f 1799-1837  |g Александр Сергеевич  |7 ca  |8 rus  |2 stltpush  |3 (RuTPU)RU\TPU\pers\1026  |9 453 
610 1 |a русская литература 
610 1 |a 19 век 
610 1 |a эпистолярное наследие 
610 1 |a миниатюрные издания 
675 |a Р2  |v 3 
702 1 |a Семенко  |b И.  |4 080 
801 1 |a RU  |b 63413507  |c 20140211 
801 2 |a RU  |b 63413507  |c 20140214  |g RCR 
942 |c BK